000 00813nam a2200253 i 4500
001 bg
003 BPK
005 20210406114555.0
008 030714s1974 pl a f f |000 0 pol
015 _aPB 1975/3802
040 _aWA N
_cBPK
041 0 _apol
080 _a532
080 _a(075.8+076)
100 1 _aRumianowski, Adam
_eAutor
245 1 0 _aZbiór zadań z mechaniki płynów nieściśliwych z rozwiązaniami /
_cAdam Rumianowski.
260 _aWarszawa :
_bPańst. Wydaw. Naukowe,
_c1974.
300 _a487 s. :
_bil., tab., wykr. ;
_c25 cm.
504 _aBibliogr.
655 4 _aĆwiczenia i zadania dla szkół wyższych
650 4 _aMechanika płynów
856 _uhttp://koha.tu.koszalin.pl/cgi-bin/koha/opac-detail.pl?biblionumber=374
_yKatalog online BPK
942 _2UKD
_cKS
999 _c374
_d374